| 000 | 00577nam a22001697a 4500 | ||
|---|---|---|---|
| 003 | AUA.1 | ||
| 005 | 20251105102559.0 | ||
| 008 | 250701b |||||||| |||| 00| 0 eng d | ||
| 040 | _cJTL | ||
| 100 | _aKoulete, Sowanou | ||
| 245 |
_aStrategy to address responsibilities and challenges of pastors' spouses in Benin conference / _cSowanou Koulete. |
||
| 260 | _cc2024 | ||
| 300 |
_ax, 91 leaves : _bIllustrations : _c30cm. |
||
| 610 |
_aSeventh-day Adventist Church : _bBenin Conference |
||
| 650 | _aSpouses of clergy | ||
| 942 |
_2aua _cPROJECT _hMA PTh _i.K68 2024 |
||
| 999 |
_c25123 _d25123 |
||